Balancing on the brink of extinction : (Record no. 22161)

MARC details
000 -LEADER
fixed length control field 01100pam a2200289 a 4500
001 - CONTROL NUMBER
control field 2468314
003 - CONTROL NUMBER IDENTIFIER
control field OSt
005 - DATE AND TIME OF LATEST TRANSACTION
control field 20211209202036.0
008 - FIXED-LENGTH DATA ELEMENTS--GENERAL INFORMATION
fixed length control field 900710s1991 dcuab b 001 0 eng
010 ## - LIBRARY OF CONGRESS CONTROL NUMBER
LC control number 90005031
020 ## - INTERNATIONAL STANDARD BOOK NUMBER
International Standard Book Number 1559630078 (alk. paper)
020 ## - INTERNATIONAL STANDARD BOOK NUMBER
International Standard Book Number 155963006X (pbk. alk paper)
040 ## - CATALOGING SOURCE
Original cataloging agency DLC
Transcribing agency HU
Modifying agency DLC
043 ## - GEOGRAPHIC AREA CODE
Geographic area code n-us---
050 00 - LIBRARY OF CONGRESS CALL NUMBER
Classification number KF5640
Item number .B35 1991
082 00 - DEWEY DECIMAL CLASSIFICATION NUMBER
Classification number 346.7304/695 BAL1991
-- 347.3064695
Edition number 20
245 00 - TITLE STATEMENT
Title Balancing on the brink of extinction :
Remainder of title the Endangered Species Act and lessons for the future /
Statement of responsibility, etc. edited by Kathryn A. Kohm.
260 ## - PUBLICATION, DISTRIBUTION, ETC.
Place of publication, distribution, etc. Washington, D.C. :
Name of publisher, distributor, etc. Island Press,
Date of publication, distribution, etc. c1991.
300 ## - PHYSICAL DESCRIPTION
Extent xi, 318 p. :
Other physical details ill., maps ;
Dimensions 24 cm.
504 ## - BIBLIOGRAPHY, ETC. NOTE
Bibliography, etc. note Includes bibliographical references and index.
650 #0 - SUBJECT ADDED ENTRY--TOPICAL TERM
Topical term or geographic name entry element Endangered species
General subdivision Law and legislation
Geographic subdivision United States.
9 (RLIN) 22513
700 1# - ADDED ENTRY--PERSONAL NAME
Personal name Kohm, Kathryn A.
9 (RLIN) 22514
856 42 - ELECTRONIC LOCATION AND ACCESS
Materials specified Publisher description
Uniform Resource Identifier <a href="http://www.loc.gov/catdir/enhancements/fy0667/90005031-d.html">http://www.loc.gov/catdir/enhancements/fy0667/90005031-d.html</a>
906 ## - LOCAL DATA ELEMENT F, LDF (RLIN)
a 7
b cbc
c orignew
d 1
e ocip
f 19
g y-gencatlg
942 ## - ADDED ENTRY ELEMENTS (KOHA)
Source of classification or shelving scheme Dewey Decimal Classification
Koha item type Books like text book referance book
Suppress in OPAC No
Holdings
Withdrawn status Lost status Source of classification or shelving scheme Damaged status Not for loan Collection code Home library Current library Shelving location Date acquired Total Checkouts Full call number Barcode Date last seen Copy number Price effective from Koha item type
    Dewey Decimal Classification     Reference Wondo Genet Library Wondo Genet Library General Stacks 12/09/2021   346.7304/695 BAL1991 WGCFNRL00007555 12/09/2021 1 12/09/2021 Books like text book referance book